000 00287nam a22001337a 4500
008 180125b xxu||||| |||| 00| 0 eng d
020 _a014005636799
041 _aeng
080 _a612.39
100 _a10
101 _anut
245 _avegtabless herbs
_cpaul.s.k
942 _2udc
_cBK
999 _c40977
_d40977